Literature : Reading fiction, poetry, and drama

Guardat en:
Dades bibliogràfiques
Autor principal: DiYanni, Robert
Format: Llibre
Idioma:Undetermined
Publicat: Boston, Mass McGraw - Hill 2002
Matèries:
Etiquetes: Afegir etiqueta
Sense etiquetes, Sigues el primer a etiquetar aquest registre!
Thư viện lưu trữ: Trung tâm Học liệu Trường Đại học Cần Thơ
LEADER 00624nam a2200229Ia 4500
001 CTU_165774
008 210402s9999 xx 000 0 und d
020 |c 45.80 
082 |a 808 
082 |b D536 
100 |a DiYanni, Robert 
245 0 |a Literature : 
245 0 |b Reading fiction, poetry, and drama 
245 0 |c Robert DiYanni 
260 |a Boston, Mass 
260 |b McGraw - Hill 
260 |c 2002 
526 |a Văn học trong giảng dạy ngôn ngữ Anh 
526 |b SP628 
650 |a Literature,Văn chương 
904 |i Yen 
980 |a Trung tâm Học liệu Trường Đại học Cần Thơ